000 01264 a2200205 4500
003 Nust
005 20221020173852.0
010 _a 94039839
040 _cNust
082 0 0 _a620.1,CHO
100 1 _aChow, Tai L. /
_939806
245 1 0 _aClassical mechanics /
_cTai L. Chow.
260 _a Rawalpindi :
_b National Book Foundation
_cc1995.
300 _ax, 546 p. :
_bill. ;
_c26 cm.
505 _aKinematics of Particle Motion (Page-1), The Newtonian Formulation of Mechanics (Page-27), Integration of Newtons Equations of Motion (Page-67),The Lagrangian formulation of Mechanics: Descriptions of Motion in Configuration Spaces (Page-99), Hamiltonian Dynamics Description of Motion in Phase Spaces (Page-148), Central force Motion (Page-176), Linear Oscillation (Page-229), Nonlinear Oscillations (Page-287), Collisions Between Particles (Page-324), Motion in Noninertial Systems (Page-355), Coupled Oscillations and Normal Coordinates (Page-389), The Motion of Rigid Bodies (Page-435),The Theory of Special Relativity (Page-487).
650 0 _aMechanics.
856 4 2 _3Publisher description
_uhttp://www.loc.gov/catdir/description/wiley031/94039839.html
856 4 2 _3Table of Contents
_uhttp://www.loc.gov/catdir/toc/onix01/94039839.html
942 _2ddc
_cBK
999 _c178595
_d178595